[Event "Muensterland Verbandsliga 1617"]
[Site "Germany"]
[Date "2017.01.28"]
[Round "6.5"]
[White "Kloster, Daniel"]
[Black "Theissen, Frank"]
[Result "1-0"]
[WhiteElo "1769"]
[BlackElo "1765"]
[PlyCount "63"]
[EventDate "2016.09.10"]
[EventType "team"]
[EventRounds "9"]
[EventCountry "GER"]
[SourceTitle "EXT 2018"]
[Source "ChessBase"]
[SourceDate "2017.10.13"]
[SourceVersion "1"]
[SourceVersionDate "2017.10.13"]
[SourceQuality "1"]
[WhiteTeam "Stadtlohn"]
[BlackTeam "Borken"]
[WhiteTeamCountry "GER"]
[BlackTeamCountry "GER"]

1. d4 d5 2. Nf3 Nf6 3. Bf4 e6 4. e3 Nbd7 5. Be2 Ne4 6. Nbd2 Bd6 7. Bxd6 Nxd6 8. 0-0 0-0 9. c4 Nxc4 10. Nxc4 dxc4 11. Bxc4 c5 12. Rc1 Qe7 13. dxc5 Nxc5 14. Qd4 Rd8 15. Qe5 Nd3 16. Bxd3 Rxd3 17. Qe4 Rd5 18. Rfd1 Qd6 19. Rxd5 Qxd5 20. Qxd5 exd5 21. Rc7 Rb8 22. Nd4 a6 23. h3 Kf8 24. Nb3 Ke8 25. Nc5 b6 26. Nd3 Be6 27. Nf4 Kf8 28. g4 h6 29. Kg2 Kg8 30. Nxe6 fxe6 31. Re7 b5 32. Rxe6 1-0

[Event "Muensterland Verbandsliga 1617"]
[Site "Germany"]
[Date "2016.10.01"]
[Round "2.5"]
[White "Voss, Norbert"]
[Black "Kloster, Daniel"]
[Result "1-0"]
[WhiteElo "1823"]
[BlackElo "1769"]
[PlyCount "82"]
[EventDate "2016.09.10"]
[EventType "team"]
[EventRounds "9"]
[EventCountry "GER"]
[SourceTitle "EXT 2018"]
[Source "ChessBase"]
[SourceDate "2017.10.13"]
[SourceVersion "1"]
[SourceVersionDate "2017.10.13"]
[SourceQuality "1"]
[WhiteTeam "Muenster SK IV"]
[BlackTeam "Stadtlohn"]
[WhiteTeamCountry "GER"]
[BlackTeamCountry "GER"]

1. c4 e5 2. g3 c6 3. d4 exd4 4. Qxd4 Qf6 5. Qe3+ Qe6 6. Nf3 Bb4+ 7. Nc3 Qxe3 8. Bxe3 Bxc3+ 9. bxc3 Ne7 10. Bc5 d5 11. e3 Be6 12. Nd4 Nd7 13. Ba3 Nb6 14. Nxe6 fxe6 15. cxd5 exd5 16. Rb1 Nec8 17. Bd3 Kd7 18. 0-0 Kc7 19. Bc5 g6 20. e4 dxe4 21. Bxe4 Nd6 22. Bg2 Ndc4 23. Rbd1 Na4 24. Bd4 Rhe8 25. Bh3 Re2 26. Rfe1 Rxe1+ 27. Rxe1 c5 28. Bg7 Kb6 29. Re6+ Kc7 30. Re7+ Kb6 31. Bg2 Rb8 32. Bd5 Na5 33. Be5 Rc8 34. Rxh7 Nc6 35. Bf6 Rf8 36. Bg7 Rd8 37. c4 Rd7 38. Bg8 Rd8 39. Bf7 Ka5 40. Bxg6 Kb4 41. Bf6 Na5 1-0

[Event "Muensterland Verbandsklasse 1314"]
[Site "Germany"]
[Date "2013.10.12"]
[Round "2.4"]
[White "Kloster, Daniel"]
[Black "Wetterau, Georg"]
[Result "0-1"]
[WhiteElo "1651"]
[BlackElo "1742"]
[PlyCount "78"]
[EventDate "2013.09.21"]
[EventType "team-tourn"]
[EventRounds "9"]
[EventCountry "GER"]
[SourceTitle "EXT 2015"]
[Source "ChessBase"]
[SourceDate "2014.11.20"]
[SourceVersion "1"]
[SourceVersionDate "2014.11.20"]
[SourceQuality "1"]
[WhiteTeam "Stadtlohn"]
[BlackTeam "Nordwalde"]
[WhiteTeamCountry "GER"]
[BlackTeamCountry "GER"]

1. d4 Nf6 2. Nf3 d5 3. Bg5 c6 4. Bxf6 gxf6 5. g3 Qb6 6. Qc1 h5 7. Nbd2 Bg4 8. h3 Bf5 9. Bg2 Bh6 10. e3 e5 11. dxe5 fxe5 12. 0-0 Nd7 13. Nh4 Be6 14. b3 0-0-0 15. Nhf3 f5 16. Qe1 c5 17. Kh2 e4 18. Ng1 Ne5 19. Ne2 Ng6 20. Nf4 Nxf4 21. gxf4 Rhg8 22. Qe2 Bf7 23. Rg1 Qd6 24. a4 h4 25. Qb5 Bg7 26. Raf1 Bc3 27. Nb1 a6 28. Qe2 Bf6 29. Kh1 Rh8 30. Re1 Bh5 31. Qf1 Rhg8 32. Kh2 Rg7 33. f3 Rdg8 34. Qf2 Rg3 35. Nd2 Bc3 36. Ref1 Bxd2 37. Qxd2 exf3 38. Bxf3 Bxf3 39. Rxf3 Rxg1 0-1

[Event "Muensterland Verbandsklasse-B 1213"]
[Site "Germany"]
[Date "2012.10.20"]
[Round "2.5"]
[White "Kloster, Daniel"]
[Black "Teloeken, Daniel"]
[Result "1-0"]
[WhiteElo "1634"]
[BlackElo "1682"]
[PlyCount "79"]
[EventDate "2012.09.15"]
[EventType "team-tourn"]
[EventRounds "9"]
[EventCountry "GER"]
[SourceTitle "EXT 2015"]
[Source "ChessBase"]
[SourceDate "2014.11.20"]
[SourceVersion "1"]
[SourceVersionDate "2014.11.20"]
[SourceQuality "1"]
[WhiteTeam "Stadtlohn"]
[BlackTeam "Suedlohn II"]
[WhiteTeamCountry "GER"]
[BlackTeamCountry "GER"]

1. d4 d6 2. Nf3 g6 3. Bg5 Bg7 4. c3 c6 5. e4 Nd7 6. Bc4 h6 7. Bh4 Nb6 8. Bb3 d5 9. e5 g5 10. Bg3 Bf5 11. Bc2 Qd7 12. Nbd2 e6 13. h4 g4 14. Nh2 h5 15. Bxf5 exf5 16. f4 0-0-0 17. Nb3 Nc4 18. Nc5 Qc7 19. b3 Na5 20. Qe2 Nh6 21. Kf2 Rhe8 22. Rhe1 b6 23. Qa6+ Kb8 24. Qxa5 bxc5 25. Qxc7+ Kxc7 26. dxc5 d4 27. cxd4 Rxd4 28. a3 Red8 29. Nf1 a5 30. Ne3 f6 31. e6 Bf8 32. Rac1 Rd2+ 33. Kf1 Rb2 34. Nc4 Rxb3 35. e7 Rxg3 36. exd8Q+ Kxd8 37. Nxa5 Rxa3 38. Nxc6+ Kc7 39. Nd4 Kb8 40. Re8+ 1-0

[Event "Muensterland Verbandsklasse-B 1112"]
[Site "Germany"]
[Date "2012.03.10"]
[Round "7.7"]
[White "Dietrich, Johannes"]
[Black "Kloster, Daniel"]
[Result "1/2-1/2"]
[WhiteElo "1788"]
[BlackElo "1593"]
[PlyCount "47"]
[EventDate "2011.09.17"]
[EventType "team-tourn"]
[EventRounds "9"]
[EventCountry "GER"]
[SourceTitle "EXT 2013"]
[Source "ChessBase"]
[SourceDate "2012.11.22"]
[SourceVersion "1"]
[SourceVersionDate "2012.11.22"]
[SourceQuality "1"]
[WhiteTeam "Muenster IV"]
[BlackTeam "Stadtlohn"]
[WhiteTeamCountry "GER"]
[BlackTeamCountry "GER"]

1. Nf3 Nc6 2. d4 d5 3. Bf4 Nf6 4. e3 e6 5. c4 dxc4 6. Bxc4 Bd6 7. Bxd6 cxd6 8. Nc3 d5 9. Bd3 Bd7 10. 0-0 0-0 11. Rc1 Nb4 12. Bb1 Nc6 13. Qd3 h6 14. Ne5 Nb4 15. Qd2 Nc6 16. f4 Nxe5 17. fxe5 Nh7 18. e4 Bc6 19. Qd3 dxe4 20. Nxe4 Qd5 21. Rc5 Qxe4 22. Qxe4 Bxe4 23. Bxe4 Rad8 24. Rc7 1/2-1/2

[Event "Muensterland Verbandsklasse-B 1112"]
[Site "Germany"]
[Date "2011.12.10"]
[Round "4.7"]
[White "Kloster, Daniel"]
[Black "Bienhuels, Michael"]
[Result "1/2-1/2"]
[WhiteElo "1593"]
[BlackElo "1719"]
[PlyCount "58"]
[EventDate "2011.09.17"]
[EventType "team-tourn"]
[EventRounds "9"]
[EventCountry "GER"]
[SourceTitle "EXT 2013"]
[Source "ChessBase"]
[SourceDate "2012.11.22"]
[SourceVersion "1"]
[SourceVersionDate "2012.11.22"]
[SourceQuality "1"]
[WhiteTeam "Stadtlohn"]
[BlackTeam "Duelmen"]
[WhiteTeamCountry "GER"]
[BlackTeamCountry "GER"]

1. d4 Nf6 2. Nf3 c5 3. Bg5 e6 4. e3 cxd4 5. Qxd4 Be7 6. Nc3 Nc6 7. Qf4 a6 8. Be2 h6 9. Bxf6 Bxf6 10. 0-0 0-0 11. Nd1 e5 12. Qg3 d5 13. c3 e4 14. Nd4 Nxd4 15. exd4 Bg5 16. f4 Bh4 17. Qe3 f5 18. c4 Be6 19. cxd5 Bxd5 20. Nc3 b5 21. Nxd5 Qxd5 22. Bd1 Kh7 23. Bb3 Qd6 24. d5 Bd8 25. Kh1 Bb6 26. Qc3 Rae8 27. Rae1 e3 28. Re2 Re4 29. g3 a5 1/2-1/2